| 000 | 00887cam a2200277 a 4500 | ||
|---|---|---|---|
| 999 |
_c2202 _d2202 |
||
| 003 | AKMAL | ||
| 005 | 20170515153530.0 | ||
| 008 | 170515s1982 cau g b 000 0 eng d | ||
| 020 | _a0803913893 | ||
| 040 | _aAKMAL | ||
| 082 | 0 | 0 | _a384.5544 FRA |
| 090 | 0 | 0 |
_a384.5544 _bFRA |
| 100 | 1 |
_aFrank, Ronald Edward, _d1933- _94634 |
|
| 245 | 1 | 0 |
_aAudiences for public television / _cRonald E. Frank and Marshall G. Greenberg |
| 260 |
_aBeverly Hills, Calif. : _bSage Publications, _c1982 |
||
| 300 |
_a230 p. ; _c23 cm. |
||
| 504 | _aBibliography: p. 229-230 | ||
| 650 | 0 |
_aTelevision viewers _zUnited States _94635 |
|
| 650 | 0 |
_aPublic television _zUnited States _94636 |
|
| 700 | 1 |
_aGreenberg, Marshall G., _d1935- _94637 |
|
| 942 |
_2ddc _cBOOK |
||